| 000 -LEADER | |
|---|---|
| fixed length control field | 00307nam a22001337a 4500 |
| 005 - DATE AND TIME OF LATEST TRANSACTION | |
| control field | 20180628202400.0 |
| 008 - FIXED-LENGTH DATA ELEMENTS--GENERAL INFORMATION | |
| fixed length control field | 180628b xxu||||| |||| 00| 0 eng d |
| 041 ## - LANGUAGE CODE | |
| Language code of text/sound track or separate title | eng |
| 100 ## - MAIN ENTRY--AUTHOR NAME | |
| Personal name | SAPRE AKSHAY |
| 245 ## - TITLE STATEMENT | |
| Title | THE LAW OF TORTS |
| 260 ## - PUBLICATION, DISTRIBUTION, ETC. (IMPRINT) | |
| Place of publication | GURGAON |
| Name of publisher | LEXIS NEXIS |
| Year of publication | 2016 |
| 300 ## - PHYSICAL DESCRIPTION | |
| Number of Pages | 901p, |
| 942 ## - ADDED ENTRY ELEMENTS (KOHA) | |
| Koha item type | Books |
| Lost status | Damaged status | Home library | Current library | Shelving location | Date acquired | Cost, normal purchase price | Accession Number | Koha item type | Collection code |
|---|---|---|---|---|---|---|---|---|---|
| JRU Library | JRU Library | SHELF- 67 B | 28/06/2018 | 750.00 | 22350 | Books | |||
| JRU Library | JRU Library | SHELF-29-C | 28/06/2018 | 22351 | Books | LAW | |||
| JRU Library | JRU Library | SHELF-29-C | 28/06/2018 | 22352 | Books | LAW | |||
| JRU Library | JRU Library | SHELF-29-C | 28/06/2018 | 22353 | Books | LAW | |||
| JRU Library | JRU Library | SHELF-29-C | 28/06/2018 | 22354 | Books | LAW | |||
| JRU Library | JRU Library | SHELF-29-C | 28/06/2018 | 22355 | Books | LAW |